Bộ luật thương mại
Sách trình bày những điều khoản tổng quát, các điều khoản chung cho những thương hội và hành vi thương mại, về thương mại hàng hải, về khánh tận, phá sản và thanh toán tư pháp.
Na minha lista:
| Autor principal: | |
|---|---|
| Formato: | Livro |
| Idioma: | Undetermined |
| Publicado em: |
Sài Gòn
Khai Trí
1972
|
| Assuntos: | |
| Tags: |
Adicionar Tag
Sem tags, seja o primeiro a adicionar uma tag!
|
| Thư viện lưu trữ: | Trung tâm Học liệu Trường Đại học Cần Thơ |
|---|
| LEADER | 00848nam a2200205Ia 4500 | ||
|---|---|---|---|
| 001 | CTU_204607 | ||
| 008 | 210402s9999 xx 000 0 und d | ||
| 082 | |a 346.59707 | ||
| 082 | |b Tr561 | ||
| 100 | |a Nguyễn, Hùng Trương | ||
| 245 | 0 | |a Bộ luật thương mại | |
| 245 | 0 | |c Nguyễn Hùng Trương | |
| 260 | |a Sài Gòn | ||
| 260 | |b Khai Trí | ||
| 260 | |c 1972 | ||
| 520 | |a Sách trình bày những điều khoản tổng quát, các điều khoản chung cho những thương hội và hành vi thương mại, về thương mại hàng hải, về khánh tận, phá sản và thanh toán tư pháp. | ||
| 650 | |a Commercial law,Luật thương mại | ||
| 650 | |z Vietnam,Việt Nam | ||
| 904 | |i Hải | ||
| 980 | |a Trung tâm Học liệu Trường Đại học Cần Thơ | ||